000 01134nam a2200265Ia 4500
003 OSt
005 20221005105140.0
006 a|||||r|||| 00| 0
007 ta
008 221004b |||||||| |||| 00| 0 hin d
020 _a817975068X (hbk)
_c250
024 _a100228
037 _b398, 22/03/2010, Swaraj Prakashan
_cTextual
040 _aCRL
_cCRL
_bhin
041 _2hin
_ahin
082 _aO111,1M88:g, 152P3
100 _aशर्मा, कृष्णदत्त
245 0 _aटी. एस. इलियट
_b रचना - संघर्ष और समीक्षा
246 _aṬī. Esa. Iliyaṭa: rachanā - sangharṣha aur samīkṣhā
260 _aनई दिल्ली
_bअनामिका पब्लिशर्स एंड डिस्ट्रीब्यूटर्स प्रा. लि. भारत
_c2003
300 _a160पृ0
_ccm.
650 _aअंग्रेजी साहित्य
942 _hO111,1M88:g, 152P3
_cTEXL
_2cc
999 _c1014925
_d1014925